00538nam a2200133Ia 4500008004100000100002600041245007500067245011100142260005300253260001400306300000800320650001500328856006100343170221s9999 xx 000 0 und d aRadif R. Zamaletdinov aPedagogical Tools of Professional Ideals Management of Modern Student  cRadif R. Zamaletdinov, Igor A. Kuznetsov, Natalia S. Sakharova, Valentina G. Gladkikh, Natalia E. Erofeeva bInternational Review of Management and Marketing cJune 2013 a5:1 xMarketing. uhttp://www.econjournals.com/index.php/irmm/issue/view/72